El oficio de librero / (Record no. 109566)

MARC details
000 -LEADER
campo de control de longitud fija 00803nam a2200217 4500
001 - NÚMERO DE CONTROL
campo de control 109566
003 - IDENTIFICADOR DE NÚMERO DE CONTROL
campo de control ES-MaACL
005 - FECHA Y HORA DE LA ÚLTIMA TRANSACCIÓN
campo de control 20250701021848.0
007 - CAMPO FIJO DE DESCRIPCIÓN FÍSICA--INFORMACIÓN GENERAL
campo de control de longitud fija t|
008 - DATOS DE LONGITUD FIJA--INFORMACIÓN GENERAL
campo de control de longitud fija 061121s1979 sp r ||||1| spa d
245 03 - MENCIÓN DEL TÍTULO
Título El oficio de librero /
Mención de responsabilidad, etc. [bajo la direcciñon de Michael Ollendorff ; traducción Esther Benítez Eiroa].
260 ## - PUBLICACIÓN, DISTRIBUCIÓN, ETC.
Lugar de publicación, distribución, etc. Madrid :
Nombre del editor, distribuidor, etc. Editora Nacional,
Fecha de publicación, distribución, etc. 1979.
300 ## - DESCRIPCIÓN FÍSICA
Extensión 360 p. ;
Dimensiones 24 cm.
650 #4 - PUNTO DE ACCESO ADICIONAL DE MATERIA--TÉRMINO DE MATERIA
Término de materia o nombre geográfico como elemento de entrada Libreros-
Subdivisión geográfica Francia.
9 (RLIN) 14424
700 1# - ENTRADA AGREGADA--NOMBRE PERSONAL
Nombre de persona Ollendorff, Michael.
9 (RLIN) 86906
700 1# - ENTRADA AGREGADA--NOMBRE PERSONAL
Nombre de persona Benítez, Esther,
Fechas asociadas al nombre 1937-2001
9 (RLIN) 27600
710 2# - ENTRADA AGREGADA--NOMBRE DE ENTIDAD CORPORATIVA
Nombre de entidad corporativa o nombre de jurisdicción como elemento de entrada Association nationale pour la formation et le perfectionnement professionnel en librairie et papeterie (Francia)
9 (RLIN) 1828
852 ## - LOCALIZACIÓN
Ubicación ES-MaACL
Número de control de estantería A-9940
Sublocalización o colección R.99207
852 ## - LOCALIZACIÓN
Ubicación ES-MaACL
Número de control de estantería A-9945
Sublocalización o colección R.98794
Holdings
Estatus retirado Estado de pérdida Estado de daño No para préstamo Biblioteca de origen Biblioteca actual Ubicación en estantería Fecha de adquisición Fuente de adquisición Total de préstamos Signatura topográfica completa Código de barras Visto por última vez Precio de reemplazo Tipo de ítem Koha
        Biblioteca del Ateneo de Madrid Biblioteca del Ateneo de Madrid Depósito 1 17/01/2008     A-9945 1114320 23/02/2023 23/02/2023 Libro impreso
        Biblioteca del Ateneo de Madrid Biblioteca del Ateneo de Madrid Depósito 1 17/01/2008     A-9940 1114319 23/02/2023 23/02/2023 Libro impreso